En el futuro vivíamos mejor : Madrid, 2054 d.C. /
Збережено в:
| Автор: | |
|---|---|
| Формат: | Книга |
| Мова: | Іспанська |
| Опубліковано: |
Barcelona, España :
Serbal,
2016, c2016
|
| Серія: | (El Biblionauta ;
13) |
| Предмети: | |
| Теги: |
Немає тегів, Будьте першим, хто поставить тег для цього запису!
|
MARC
| LEADER | 00000nam^a2200000^a^4500 | ||
|---|---|---|---|
| 001 | 000380546 | ||
| 005 | 20250521000000.0 | ||
| 009 | 20260310120609.832 | ||
| 020 | |a 978-84-7628-833-7 | ||
| 037 | |a Acervo ITESO - Biblioteca | ||
| 041 | |a ESP | ||
| 082 | |a 863. |b MAR | ||
| 100 | |a Martínez Conesa, Antonio |e (autor) | ||
| 245 | 1 | 0 | |a En el futuro vivíamos mejor : |b Madrid, 2054 d.C. / |c A. Martínez Conesa. |
| 264 | 4 | |a Barcelona, España : |b Serbal, |c 2016, c2016 | |
| 300 | |a 182 p. | ||
| 336 | |a texto |b txt |2 rdacontenido | ||
| 337 | |a sin mediación |b n |2 rdamedio | ||
| 338 | |a volumen |b nc |2 rdasoporte | ||
| 440 | 4 | |a (El Biblionauta ; |v 13) | |
| 649 | |a XX | ||
| 650 | |a Novela Española | ||
| 650 | |a Ciencia-Ficción - |z España | ||
| 650 | |a Literatura Española - |y Siglo XXI | ||
| 910 | |a Fondo General | ||
| 920 | |a Impresos - Libros | ||
| 930 | |a Colección General | ||
| 940 | |a Literatura | ||
| 905 | |a 101 | ||
| 901 | |a 0500275485 |b IT1 |c LIT |i C151890 |u 20250521 | ||
| 902 | |a https://opac.biblio.iteso.mx/vufind/Record/000380546 | ||